000 00407nam a2200157Ia 4500
001 62688
008 080101n ii |||gr||||Z||||||297
082 _a892.7
100 _aHusayn, Taha,
_eAuthor.
245 0 _aAl-ayyam
_cby Taha Husayn
_hTextual Documents
260 _aLakhnow:
_bMaktaba Ehsan.
300 _a152p:
_c21cm.
653 _aArabic & Persian
653 _aG-Arabic & Persian
942 _2ddc
_cBK
999 _c63795
_d63795